|
|
|
|
| LEADER |
00000nam0a2200000 4500 |
| 001 |
164218 |
| 005 |
20231101222445.0 |
| 010 |
|
|
|a 9785769543203
|
| 035 |
|
|
|a (RuTPU)RU\TPU\book\178170
|
| 090 |
|
|
|a 164218
|
| 100 |
|
|
|a 20090902d2009 m y0rusy50 ca
|
| 101 |
0 |
|
|a rus
|
| 102 |
|
|
|a RU
|
| 105 |
|
|
|a a gj 001zy
|
| 200 |
1 |
|
|a Аппараты систем зажигания
|e справочник
|e учебное пособие
|f В. А. Набоких
|
| 210 |
|
|
|a Москва
|c Академия
|d 2009
|
| 215 |
|
|
|a 320 с.
|c ил.
|
| 225 |
1 |
|
|a Высшее профессиональное образование. Транспорт
|
| 320 |
|
|
|a Библиогр.: с. 314-316.
|
| 330 |
|
|
|a Содержит материалы по теории, конструкции, схемно-техническим решениям, расчетам, испытаниям, диагностированию, технической эксплуатации и ремонту высоковольтных аппаратов систем зажигания автотранспортных средств и мототехники. Для студентов высших учебных заведений. Может быть полезно аспирантам, преподавателям, специалистам автотранспортных организаций и автолюбителям.
|
| 606 |
1 |
|
|a Устройства для зажигания ДВС
|2 stltpush
|3 (RuTPU)RU\TPU\subj\63469
|9 80495
|
| 610 |
1 |
|
|a системы зажигания
|
| 610 |
1 |
|
|a двигатели
|
| 610 |
1 |
|
|a электрическая искра
|
| 610 |
1 |
|
|a пробой
|
| 610 |
1 |
|
|a воспламенение
|
| 610 |
1 |
|
|a характеристики
|
| 610 |
1 |
|
|a высоковольтные аппараты
|
| 610 |
1 |
|
|a классификация
|
| 610 |
1 |
|
|a электрические схемы
|
| 610 |
1 |
|
|a структурные схемы
|
| 610 |
1 |
|
|a конструкции
|
| 610 |
1 |
|
|a испытания
|
| 610 |
1 |
|
|a эксплуатация
|
| 610 |
1 |
|
|a диагностирование
|
| 610 |
1 |
|
|a ремонт
|
| 610 |
1 |
|
|a проектирование
|
| 610 |
1 |
|
|a расчет
|
| 610 |
1 |
|
|a учебные пособия
|
| 610 |
1 |
|
|a электрооборудование
|
| 675 |
|
|
|a 621.43.04(075.8)
|v 3
|
| 700 |
|
1 |
|a Набоких
|b В. А.
|g Владимир Андреевич
|
| 801 |
|
1 |
|a RU
|b 63413507
|c 20090902
|
| 801 |
|
2 |
|a RU
|b 63413507
|c 20150626
|g RCR
|
| 900 |
|
|
|a Электрооборудование автомобилей и тракторов
|
| 900 |
|
|
|a Надежность электрооборудования автомобилей и тракторов
|
| 900 |
|
|
|a Испытания электрооборудования автомобилей и тракторов
|
| 900 |
|
|
|a Техническая диагностика электрооборудования автомобилей
|
| 900 |
|
|
|a Системы электроснабжения автомобилей
|
| 900 |
|
|
|a Технология производства электрооборудования автомобилей и тракторов
|
| 900 |
|
|
|a Эксплуатация и ремонт электрооборудования автомобилей и тракторов
|
| 900 |
|
|
|a Испытания электрооборудования автомобилей и тракторов
|
| 900 |
|
|
|a Контрольно-диагностическое и испытательное оборудование автомобилей
|
| 900 |
|
|
|a Техническая диагностика электрооборудования автомобилей
|
| 942 |
|
|
|c BK
|
| 951 |
|
|
|b 140600
|b 140607
|
| 959 |
|
|
|a 88/20090901
|d 2
|e 467,50
|f АНЛ:1
|f ЧЗТЛ:1
|